Countries that Drive on the Right - Statistics

General Stats
  • This quiz has been taken 40 times
  • The average score is 101 of 130
Answer Stats
Country % Correct
United States
96%
Portugal
93%
Spain
93%
Denmark
89%
France
89%
Germany
89%
Iceland
89%
Argentina
86%
Canada
86%
China
86%
Cuba
86%
Egypt
86%
Greece
86%
Guatemala
86%
Netherlands
86%
North Korea
86%
Romania
86%
Russia
86%
South Korea
86%
Algeria
82%
Andorra
82%
Austria
82%
Bulgaria
82%
Costa Rica
82%
Czech Republic
82%
Estonia
82%
Finland
82%
Honduras
82%
Italy
82%
Latvia
82%
Lithuania
82%
Niger
82%
Nigeria
82%
Peru
82%
Sweden
82%
Tajikistan
82%
Turkey
82%
Turkmenistan
82%
Ukraine
82%
Uruguay
82%
Venezuela
82%
Afghanistan
79%
Belgium
79%
Belize
79%
Chad
79%
Chile
79%
Colombia
79%
Democratic Republic of the Congo
79%
Ethiopia
79%
Hungary
79%
Iran
79%
Iraq
79%
Israel
79%
Libya
79%
Mexico
79%
Monaco
79%
Mongolia
79%
Morocco
79%
Norway
79%
Oman
79%
Paraguay
79%
Poland
79%
Saudi Arabia
79%
Serbia
79%
Tunisia
79%
United Arab Emirates
79%
Yemen
79%
Albania
75%
Angola
75%
Bolivia
75%
Burkina Faso
75%
Cambodia
75%
Cameroon
75%
Dominican Republic
75%
Ecuador
75%
El Salvador
75%
Eritrea
75%
Gabon
75%
Haiti
75%
Kazakhstan
75%
Kyrgyzstan
75%
Laos
75%
Liechtenstein
75%
Luxembourg
75%
Madagascar
75%
Mali
75%
Montenegro
75%
Nicaragua
75%
Panama
75%
San Marino
75%
Senegal
75%
Slovakia
75%
Slovenia
75%
Somalia
75%
Switzerland
75%
Syria
75%
Togo
75%
Uzbekistan
75%
Vatican City
75%
Armenia
71%
Belarus
71%
Benin
71%
Bosnia and Herzegovina
71%
Brazil
71%
Central African Republic
71%
Croatia
71%
Ghana
71%
Guinea
71%
Jordan
71%
Kosovo
71%
Liberia
71%
Moldova
71%
Qatar
71%
Rwanda
71%
South Sudan
71%
Sudan
71%
Taiwan
71%
Vietnam
71%
Azerbaijan
68%
Burundi
68%
Djibouti
68%
Kuwait
68%
Lebanon
68%
Macedonia
68%
Mauritania
68%
Philippines
68%
Gambia
64%
Georgia
64%
Guinea Bissau
64%
Equatorial Guinea
50%
No matching quizzes found
Score Distribution
Percent of People with Each Score
Percentile by Number Answered
Your Score History
You have not taken this quiz